000 01452nam a22003137a 4500
005 20080918163843.0
008 080918t xxu||||| |||| 00| 0 hin d
010 _aHIN-92747
020 _c150.00
_a9789380961002
035 _aHN-65093
037 _bDBAD / PUB
040 _aDPL
_bHN
082 _a181.45
100 _9747
_aदौनेरिया, साधना
245 _aजैन योग साधना /
_cसाधना दौनेरिया
246 _aJain Yoga Sadhana
_bby Sadhana Dauneria
260 _aइलाहाबाद
_bसाक्षर प्रकाशन
_c2011
270 _a1924/741/ए, सेक्टर-19, ओमप्रकाश सभासद नगर
_bइलाहाबाद
300 _a120पृ.
_c22सेमी (सजिल्द)
650 _9697
650 _9698
700 _927881
700 _927882
700 _927883
942 _2ddc
_cHN
_mदौनेरि
_h181.45
999 _c52543
_d52543